Biggest Cities in Tanzania - Statistics

General Stats
  • This quiz has been taken 109 times
  • The average score is 7 of 15
Answer Stats
Population City % Correct
4,364,541 Dar es Salaam
99%
213,636 Dodoma
96%
501,459 Zanzibar
73%
416,442 Arusha
71%
706,453 Mwanza
67%
385,279 Mbeya
49%
305,840 Morogoro
35%
221,127 Tanga
33%
160,608 Tabora
28%
151,345 Iringa
27%
215,458 Kigoma
27%
184,292 Moshi
22%
203,309 Songae
22%
134,327 Musoma
10%
128,796 Bukoba
9%
No matching quizzes found
Score Distribution
Percent of People with Each Score
Percentile by Number Answered
Your Score History
You have not taken this quiz